Procedimientos para la estimacion de asentamientos en suelos granulares
Uloženo v:
| Hlavní autor: | |
|---|---|
| Médium: | Diplomová práce Kniha |
| Jazyk: | Undetermined |
| Vydáno: |
1984
|
| Témata: | |
| Tagy: |
Přidat tag
Žádné tagy, Buďte první, kdo vytvoří štítek k tomuto záznamu!
|
MARC
| LEADER | 00000nam a2200000Ia 4500 | ||
|---|---|---|---|
| 001 | 2452 | ||
| 008 | 140114s9999 xx 000 0 und d | ||
| 100 | |a Montero Montero, Luis Diego | ||
| 245 | |a Procedimientos para la estimacion de asentamientos en suelos granulares | ||
| 260 | |c 1984 | ||
| 500 | |a NULL | ||
| 502 | |a Escuela de ingenieria Civil | ||
| 650 | |z SUELOS GRANULARES | ||
| 999 | |c 11575 |d 11575 | ||
